Základy účetnictví

Zisťovanie hospodárskeho výsledku založené na dvoch rozdielnych bázach: na akruálnej báze a cash báze. Odlišnosť obidvoch prístupov je zrejmá pri porovnaní kategórií - príjmy a výnosy a výdavky a náklady. Pokračovanie v budúcom čísle.

Saved in:
Bibliographic Details
Main Author: Dvořáková, Dana
Format: Book Chapter
Language:Czech
Subjects:
Tags: Add Tag
No Tags, Be the first to tag this record!

MARC

LEADER 00000naa$a2200000$$$4500
001 0090707
005 20230925091054.5
041 0 |a cze 
044 |a CZ 
245 1 0 |a Základy účetnictví  |c Dana Dvořáková 
520 |a Zisťovanie hospodárskeho výsledku založené na dvoch rozdielnych bázach: na akruálnej báze a cash báze. Odlišnosť obidvoch prístupov je zrejmá pri porovnaní kategórií - príjmy a výnosy a výdavky a náklady. Pokračovanie v budúcom čísle. 
610 2 0 |a účtovníctvo 
610 2 0 |a náklady 
610 2 0 |a výnosy 
610 2 0 |a výsledok hospodársky 
100 1 |a Dvořáková, Dana